[Event "EUYCC 2022 - U10"]
[Site "?"]
[Date "2022.08.22"]
[Round "1.1"]
[White "Kusova, Nikola"]
[Black "Peglau, Paul David"]
[Result "0-1"]
[WhiteElo "1224"]
[BlackElo "1635"]
[PlyCount "44"]
[EventDate "2022.??.??"]

1. e4 c5 2. b4 cxb4 3. a3 d5 4. exd5 Qxd5 5. Nf3 e6 6. axb4 Bxb4 7. c3 Bd6 8.
d4 Ne7 9. Bd3 Bd7 10. Nbd2 Bc6 11. Nc4 Bc7 12. O-O O-O 13. Ba3 Re8 14. Qe2 Qh5
15. Be4 Bxh2+ 16. Kh1 Nd5 17. Qc2 Bf4+ 18. Kg1 f5 19. Bxd5 Bxd5 20. Nce5 Nc6
21. c4 Nxe5 22. Nxe5 Qh2# 0-1

[Event "EUYCC 2022 - U10"]
[Site "?"]
[Date "2022.08.22"]
[Round "1.2"]
[White "Hladky, Mikulas"]
[Black "Novotny, Adam"]
[Result "1-0"]
[WhiteElo "1576"]
[BlackElo "1113"]
[PlyCount "77"]
[EventDate "2022.??.??"]

1. e4 e5 2. Nf3 Nc6 3. Bb5 a6 4. Ba4 Nf6 5. Nc3 d6 6. Bxc6+ bxc6 7. O-O Be7 8.
d4 Bg4 9. dxe5 Bxf3 10. Qxf3 dxe5 11. Bg5 O-O 12. Qf5 Bd6 13. Bxf6 Qxf6 14. Qd7
Rab8 15. b3 Bb4 16. Na4 Rbc8 17. Qd3 Rfd8 18. Qxa6 Qg6 19. c3 Be7 20. f3 Bg5
21. Rad1 Rxd1 22. Qxc8+ Rd8 23. Qxc7 h6 24. Re1 Rd2 25. Qc8+ Kh7 26. Qf5 Qxf5
27. exf5 Rxa2 28. Rxe5 Bh4 29. g3 Bf6 30. Rc5 Ra3 31. Rxc6 Rxb3 32. Kg2 Ra3 33.
Rc4 g6 34. fxg6+ Kxg6 35. h3 Kf5 36. f4 Ke6 37. Rc6+ Kd5 38. Rxf6 Rxa4 39. Rxf7
1-0

[Event "EUYCC 2022 - U10"]
[Site "?"]
[Date "2022.08.22"]
[Round "1.3"]
[White "Frydel, Helena"]
[Black "Zhang, Yibo"]
[Result "0-1"]
[WhiteElo "1103"]
[BlackElo "1469"]
[PlyCount "100"]
[EventDate "2022.??.??"]

1. e4 e5 2. Nf3 Nc6 3. Nc3 Nf6 4. d4 exd4 5. Nxd4 Bb4 6. Nxc6 bxc6 7. Bd3 O-O
8. O-O d5 9. exd5 cxd5 10. Bg5 c6 11. Ne2 h6 12. Bh4 Bd6 13. Nd4 Bd7 14. h3 Be5
15. c3 Re8 16. Re1 Rb8 17. Nf3 Bd6 18. Rxe8+ Bxe8 19. Qd2 Bc7 20. Re1 a5 21.
Qc2 Bf4 22. c4 g5 23. Bg3 Bxg3 24. fxg3 Qb6+ 25. Kh2 Qxb2 26. Qxb2 Rxb2 27. Ra1
g4 28. hxg4 Nxg4+ 29. Kh3 Nf2+ 30. Kh2 Nxd3 31. Kg1 dxc4 32. Nd4 c3 33. Nb3 c2
34. Kf1 Rb1+ 35. Ke2 Rxa1 36. Kxd3 c1=Q 37. Nxc1 Rxc1 38. Kd2 Rc4 39. Kd3 Rg4
40. Ke2 Rxg3 41. Kf2 Ra3 42. Kg1 Kg7 43. Kh2 Kg6 44. Kg1 Kg5 45. Kh1 Kg4 46.
Kh2 h5 47. Kg1 Kg3 48. Kf1 Re3 49. a4 f6 50. Kg1 Re1# 0-1

[Event "EUYCC 2022 - U10"]
[Site "?"]
[Date "2022.08.22"]
[Round "1.4"]
[White "Policar, Martin"]
[Black "Galia, Simon"]
[Result "1-0"]
[WhiteElo "1461"]
[BlackElo "1077"]
[PlyCount "87"]
[EventDate "2022.??.??"]

1. d4 Nf6 2. c4 e6 3. Nc3 Bb4 4. Bg5 O-O 5. Nf3 d5 6. e3 h6 7. Bxf6 Qxf6 8. Bd3
Rd8 9. O-O Nc6 10. Qb3 b6 11. cxd5 Bxc3 12. dxc6 Ba5 13. Qa4 Qe7 14. b4 Qxb4
15. Qxb4 Bxb4 16. Rab1 Ba5 17. Ne5 f6 18. Nc4 Ba6 19. Rfd1 e5 20. Nxa5 Bxd3 21.
Rxd3 bxa5 22. d5 Rab8 23. Rxb8 Rxb8 24. Rb3 Rd8 25. e4 f5 26. f3 fxe4 27. fxe4
Kh7 28. Rb7 Rc8 29. Rxa7 Kg6 30. Rxa5 Kg5 31. Ra4 Kf4 32. Rb4 Ra8 33. d6 Ke3
34. d7 Rxa2 35. h3 Ra8 36. Rb7 Kf4 37. Rxc7 Kg3 38. Kf1 Ra1+ 39. Ke2 Ra2+ 40.
Kd3 Ra1 41. Kc2 Ra2+ 42. Kb3 Rd2 43. Rc8 Rd3+ 44. Kc2 1-0

[Event "EUYCC 2022 - U10"]
[Site "?"]
[Date "2022.08.22"]
[Round "1.5"]
[White "Broz, Pavel"]
[Black "Tatar, Marius Lucian"]
[Result "0-1"]
[WhiteElo "1066"]
[BlackElo "1434"]
[PlyCount "72"]
[EventDate "2022.??.??"]

1. e4 e5 2. Nf3 Nc6 3. Bc4 Bc5 4. O-O d6 5. c3 Nf6 6. d4 exd4 7. cxd4 Bb6 8.
Nc3 Bg4 9. h3 Bxf3 10. Qxf3 Nxd4 11. Qd3 O-O 12. Be3 Nc6 13. Bxb6 Ne5 14. Qd4
axb6 15. Bb3 Nh5 16. Ne2 Qf6 17. Qe3 Ng6 18. Ng3 Nxg3 19. fxg3 Qe5 20. Rf5 Qxb2
21. Raf1 Ne5 22. R5f2 Qa3 23. Rc2 c5 24. Rc3 Qb4 25. Rd1 c4 26. Bc2 Nd3 27. Qd2
Qc5+ 28. Kh2 Rxa2 29. e5 dxe5 30. Qg5 Qd4 31. Bxd3 Qxc3 32. Bb1 Ra3 33. Qh4 g6
34. Be4 Ra1 35. Rd6 Qe3 36. g4 Qf4+ 0-1

[Event "EUYCC 2022 - U10"]
[Site "?"]
[Date "2022.08.22"]
[Round "1.6"]
[White "Beniosev, Daniel"]
[Black "Koutecka, Magdalena"]
[Result "1-0"]
[WhiteElo "1403"]
[BlackElo "1042"]
[PlyCount "41"]
[EventDate "2022.??.??"]

1. e4 e5 2. Bc4 Nf6 3. d4 exd4 4. Nf3 Nc6 5. e5 d5 6. Bb5 Ne4 7. Nxd4 Bd7 8.
Bxc6 bxc6 9. O-O Bc5 10. c3 O-O 11. f3 Ng5 12. Re1 Re8 13. Be3 Bb6 14. f4 Ne4
15. Nd2 f5 16. Nxe4 fxe4 17. a4 a5 18. Qd2 c5 19. Nb3 Qe7 20. Nxc5 Bxc5 21.
Qxd5+ 1-0

[Event "EUYCC 2022 - U10"]
[Site "?"]
[Date "2022.08.22"]
[Round "1.7"]
[White "Stricova, Julia Nela"]
[Black "Zrust, Lukas"]
[Result "0-1"]
[WhiteElo "1040"]
[BlackElo "1344"]
[PlyCount "68"]
[EventDate "2022.??.??"]

1. e4 d5 2. exd5 Qxd5 3. Nc3 Qd6 4. d4 g6 5. Nf3 Bg7 6. Bc4 Nf6 7. O-O O-O 8.
h3 a6 9. Be3 b5 10. Bd3 Bb7 11. Be2 Nc6 12. Qd2 e6 13. Rad1 Ne7 14. Bh6 Ned5
15. Bxg7 Kxg7 16. Nxd5 Bxd5 17. a3 Ne4 18. Qb4 Qxb4 19. axb4 Rfd8 20. Bd3 Rd6
21. c3 Nf6 22. Ne5 Nd7 23. Nxd7 Rxd7 24. Ra1 Rd6 25. f3 Rdd8 26. Be4 c6 27.
Bxd5 cxd5 28. Kf2 Rd7 29. Ke3 Rda7 30. Kf4 a5 31. bxa5 Rxa5 32. Rxa5 Rxa5 33.
Ke5 Ra6 34. Re1 g5 0-1

[Event "EUYCC 2022 - U14"]
[Site "?"]
[Date "2022.08.22"]
[Round "1.1"]
[White "Dobsa, Emma"]
[Black "Fizer, Marek"]
[Result "0-1"]
[WhiteElo "1526"]
[BlackElo "1998"]
[PlyCount "90"]
[EventDate "2022.??.??"]

1. e4 c5 2. Nf3 a6 3. d4 cxd4 4. Nxd4 Nf6 5. Nc3 e5 6. Nb3 Bb4 7. Qd3 d6 8. Bd2
O-O 9. O-O-O Nc6 10. f3 Qc7 11. Bg5 Bxc3 12. Qxc3 Ne8 13. g4 b5 14. h4 b4 15.
Qd2 a5 16. Bb5 a4 17. Bxc6 axb3 18. Qd5 Ra5 19. Qc4 Rc5 20. Qxb3 Rxc6 21. Qxb4
Rxc2+ 22. Kb1 Rc4 23. Qb5 Bd7 24. Qa6 f6 25. Rc1 Rc6 26. Rxc6 Qxc6 27. Qxc6
Bxc6 28. Be3 d5 29. Rc1 Bb7 30. exd5 Bxd5 31. Bd2 f5 32. g5 f4 33. Bb4 Rf5 34.
Rc8 Kf7 35. a4 Bxf3 36. a5 Be4+ 37. Kc1 f3 38. Bc5 f2 39. Bxf2 Rxf2 40. Rc5 Ke6
41. b4 Nd6 42. b5 Nb7 43. Rc4 Kd5 44. Ra4 Nc5 45. Ra3 Kc4 0-1

[Event "EUYCC 2022 - U14"]
[Site "?"]
[Date "2022.08.22"]
[Round "1.2"]
[White "Page, Noah"]
[Black "Skutil, Frantisek Elias"]
[Result "1-0"]
[WhiteElo "1992"]
[BlackElo "1514"]
[PlyCount "113"]
[EventDate "2022.??.??"]

1. e4 c5 2. c3 d5 3. exd5 Qxd5 4. d4 cxd4 5. cxd4 Nc6 6. Nf3 e6 7. Nc3 Bb4 8.
a3 Bxc3+ 9. bxc3 Nf6 10. Bd3 O-O 11. O-O Rd8 12. Bg5 h6 13. Bxf6 gxf6 14. Qd2
Kg7 15. Rab1 a6 16. Rfd1 b5 17. Qe3 Bd7 18. Nd2 f5 19. Nf1 Ne7 20. Ng3 Qd6 21.
a4 Nd5 22. Qd2 Rac8 23. Rbc1 Rc7 24. axb5 axb5 25. Rc2 Rdc8 26. Rdc1 Qa3 27. c4
bxc4 28. Bxc4 Qa4 29. Bd3 Qxd4 30. Nh5+ Kg8 31. Rxc7 Rxc7 32. Rxc7 Nxc7 33.
Qxh6 Nd5 34. Qg5+ Kh8 35. Bf1 Ba4 36. h3 Bd1 37. Ng3 Qg7 38. Qd8+ Kh7 39. Nxf5
exf5 40. Qxd5 Bc2 41. Bc4 f6 42. Qf3 Qg6 43. Qb7+ Kh6 44. Bd5 Qg5 45. Qb4 Qc1+
46. Kh2 Qg5 47. h4 Qg6 48. Qd2+ f4 49. Qxf4+ Kh7 50. Qc7+ Kh6 51. Qc8 Qh7 52.
Qe6 Qg6 53. Qe3+ Kh7 54. g3 Bf5 55. Qe7+ Kh6 56. Bf3 Bc2 57. Qc5 1-0

[Event "EUYCC 2022 - U14"]
[Site "?"]
[Date "2022.08.22"]
[Round "1.3"]
[White "Sigut, Ondrej"]
[Black "Desarmaux-Do, Yanis-Huy"]
[Result "0-1"]
[WhiteElo "1495"]
[BlackElo "1935"]
[PlyCount "108"]
[EventDate "2022.??.??"]

1. e4 c5 2. Nf3 Nc6 3. Bb5 d6 4. O-O Bd7 5. c3 Nf6 6. Re1 a6 7. Bxc6 Bxc6 8.
Qc2 Rc8 9. d4 cxd4 10. Nxd4 g6 11. Bg5 Bg7 12. Nd2 O-O 13. N2f3 e5 14. Nxc6
bxc6 15. Rad1 Qc7 16. Rd2 Rcd8 17. Red1 Rd7 18. h3 h6 19. Bxf6 Bxf6 20. c4 Rfd8
21. Qc3 Bg7 22. Qa3 a5 23. Qc3 Kh7 24. Rd3 Qa7 25. Qa3 Qc7 26. R1d2 d5 27. cxd5
cxd5 28. Rxd5 Rxd5 29. Rxd5 Rxd5 30. exd5 Qc1+ 31. Kh2 e4 32. Ng1 Be5+ 33. Kh1
Qd2 34. Qe3 Qxd5 35. b3 Bd6 36. Ne2 Bc5 37. Qf4 Bd6 38. Qe3 Qe5 39. g3 Bc5 40.
Qf4 Qxf4 41. Nxf4 Bxf2 42. Kg2 Bc5 43. Nd5 Kg7 44. Kf1 f5 45. Ke2 Kf7 46. Kd2
Bd6 47. g4 Ke6 48. Nb6 f4 49. Nc4 Bc7 50. Ke2 Kd5 51. Nd2 Kd4 52. h4 f3+ 53.
Kf1 Kd3 54. Nc4 e3 0-1

[Event "EUYCC 2022 - U14"]
[Site "?"]
[Date "2022.08.22"]
[Round "1.4"]
[White "Brozynski, Patryk"]
[Black "Abitbol, Ethan"]
[Result "1-0"]
[WhiteElo "1911"]
[BlackElo "1490"]
[PlyCount "99"]
[EventDate "2022.??.??"]

1. e4 c5 2. Nf3 e6 3. d4 cxd4 4. Nxd4 a6 5. Nc3 Qc7 6. Bd3 Nf6 7. Qe2 Bb4 8.
Bd2 d6 9. O-O Bc5 10. Nb3 Ba7 11. a4 Nc6 12. a5 O-O 13. Kh1 h6 14. f4 Re8 15.
Be3 Bxe3 16. Qxe3 Ne7 17. Rae1 Bd7 18. e5 Nfd5 19. Nxd5 Nxd5 20. Qg3 dxe5 21.
fxe5 Bb5 22. c4 Bxc4 23. Rc1 Bxd3 24. Rxc7 Bxf1 25. Rxb7 Rab8 26. Nc5 Bb5 27.
Rxb8 Rxb8 28. h3 Ne7 29. Ne4 Nf5 30. Qc3 Rd8 31. Qc7 Rd7 32. Qb8+ Kh7 33. Nc3
Bc4 34. b3 Rd3 35. bxc4 Rxc3 36. Qb4 Rc2 37. c5 Ne3 38. c6 Rxc6 39. Qe4+ Nf5
40. Qxc6 Kg6 41. Qxa6 Kg5 42. Qd3 Kf4 43. Qxf5+ Kxf5 44. a6 Kxe5 45. a7 f5 46.
a8=Q Kf4 47. Qa7 e5 48. Qxg7 e4 49. Qxh6+ Ke5 50. g4 1-0

[Event "EUYCC 2022 - U14"]
[Site "?"]
[Date "2022.08.22"]
[Round "1.5"]
[White "Arshinkova, Boryana"]
[Black "Paralieu, Maxime"]
[Result "1-0"]
[WhiteElo "1483"]
[BlackElo "1898"]
[PlyCount "181"]
[EventDate "2022.??.??"]

1. e4 e5 2. Nf3 Nc6 3. Bc4 Nf6 4. d3 Be7 5. O-O O-O 6. Be3 d6 7. h3 Na5 8. Bb3
Nxb3 9. axb3 c5 10. Nc3 h6 11. Qd2 a6 12. Na2 Be6 13. b4 Bxa2 14. Rxa2 c4 15.
dxc4 Qc7 16. Qd3 Rac8 17. b3 Qc6 18. Nd2 Nh7 19. b5 axb5 20. cxb5 Qd7 21. c4
Bg5 22. Bxg5 Nxg5 23. Nf3 Nxf3+ 24. Qxf3 f5 25. Ra7 f4 26. Kh2 Ra8 27. Rfa1
Rxa7 28. Rxa7 Qc7 29. Qd3 Qc5 30. Rxb7 Qxf2 31. Qf3 Qh4 32. Rd7 h5 33. Rxd6 g5
34. Rh6 g4 35. Qxg4+ hxg4 36. Rxh4 g3+ 37. Kg1 Ra8 38. Kf1 Ra1+ 39. Ke2 Ra2+
40. Kd3 Kf7 41. b6 Ra8 42. c5 f3 43. gxf3 Rg8 44. Rg4 Rxg4 45. hxg4 g2 46. b7
g1=Q 47. b8=Q Qd4+ 48. Ke2 Qxc5 49. Qb7+ Kf6 50. Qa6+ Kg5 51. Qc4 Qg1 52. Kd2
Kf4 53. Qd3 Qf2+ 54. Kc1 Qg1+ 55. Kc2 Qc5+ 56. Qc3 Qa3 57. b4 Qa2+ 58. Kc1 Qa4
59. Kb2 Qb5 60. Kb3 Qe2 61. Ka3 Qa6+ 62. Kb2 Qb5 63. Kc1 Qf1+ 64. Kc2 Qb5 65.
Qd2+ Kg3 66. g5 Qc4+ 67. Kb2 Qe6 68. Qe3 Qe7 69. f4+ Kg4 70. Qc5 Qb7 71. Qxe5
Qxb4+ 72. Kc2 Qc4+ 73. Kd2 Qb4+ 74. Kd3 Qb3+ 75. Kd4 Qb4+ 76. Kd5 Qb5+ 77. Ke6
Qe8+ 78. Kf6 Qf8+ 79. Kg6 Qg8+ 80. Qg7 Qe6+ 81. Qf6 Qxe4+ 82. f5 Qf4 83. Kg7
Qc7+ 84. Qf7 Qe5+ 85. f6 Kh4 86. g6 Kg5 87. Kg8 Qb8+ 88. Qf8 Qb3+ 89. f7 Kxg6
90. Qg7+ Kh5 91. Kh8 1-0

[Event "EUYCC 2022 - U14"]
[Site "?"]
[Date "2022.08.22"]
[Round "1.6"]
[White "Mueller, Maximilian"]
[Black "Barteckova, Denisa"]
[Result "1-0"]
[WhiteElo "1873"]
[BlackElo "1455"]
[PlyCount "61"]
[EventDate "2022.??.??"]

1. a3 e6 2. Nf3 d5 3. b4 Nf6 4. Bb2 c5 5. c3 a5 6. bxc5 Bxc5 7. e3 Qb6 8. Qc2
Nc6 9. d4 Bd6 10. c4 dxc4 11. Bxc4 Bd7 12. e4 Be7 13. Nbd2 Rc8 14. Rb1 Qc7 15.
Qd3 Na7 16. O-O b5 17. Bb3 O-O 18. Rfc1 Qb7 19. d5 exd5 20. exd5 Rfd8 21. Ng5
Rxc1+ 22. Rxc1 Rc8 23. Rxc8+ Nxc8 24. Bxf6 Bxf6 25. Qxh7+ Kf8 26. Nge4 Bb2 27.
d6 Nxd6 28. Nxd6 Qc6 29. Nxf7 Qc3 30. Qh8+ Ke7 31. Qd8# 1-0

[Event "EUYCC 2022 - U14"]
[Site "?"]
[Date "2022.08.22"]
[Round "1.7"]
[White "Dorazilova, Kristyna"]
[Black "Peglau, Charis"]
[Result "0-1"]
[WhiteElo "1400"]
[BlackElo "1837"]
[PlyCount "112"]
[EventDate "2022.??.??"]

1. e4 c6 2. d4 d5 3. f3 Qb6 4. Nc3 e6 5. Nge2 Nf6 6. e5 Nfd7 7. b3 c5 8. Be3
Nc6 9. dxc5 Bxc5 10. Bxc5 Nxc5 11. f4 Bd7 12. g3 Rc8 13. a3 a5 14. Bg2 O-O 15.
Qd2 Rfd8 16. Rd1 Be8 17. Qc1 Na7 18. Qb2 Nb5 19. Na4 Qa7 20. Nac3 Nxc3 21. Nxc3
Qb6 22. Ne2 Bb5 23. Nc1 Ne4 24. Qd4 Qxd4 25. Rxd4 Rxc2 26. Bxe4 Rxc1+ 27. Kd2
Rc7 28. Bb1 Rdc8 29. Re1 Rc3 30. b4 Rxa3 31. bxa5 Rxa5 32. Rc1 Rxc1 33. Kxc1
Bc4 34. Rd2 Rc5 35. Kb2 Rb5+ 36. Kc1 h6 37. g4 Rb3 38. Rf2 Rb4 39. h4 Bb5 40.
Ra2 Ra4 41. Rf2 Bc6 42. Bd3 Ra3 43. Bf1 Ra4 44. Bd3 Kf8 45. Be2 Ke7 46. h5 Re4
47. Kd2 f6 48. exf6+ Kxf6 49. Bd3 Ra4 50. Kc3 d4+ 51. Kb2 Bd5 52. Rf1 Ra2+ 53.
Kb1 Rd2 54. Bc2 Bc4 55. Rf3 d3 56. Ba4 Rg2 0-1

[Event "EUYCC 2022 - U14"]
[Site "?"]
[Date "2022.08.22"]
[Round "1.8"]
[White "Gollner, Martin"]
[Black "Hetfleischova, Elen"]
[Result "1-0"]
[WhiteElo "1771"]
[BlackElo "1352"]
[PlyCount "63"]
[EventDate "2022.??.??"]

1. e4 e5 2. Nf3 Nc6 3. Bb5 a6 4. Ba4 Bc5 5. c3 b5 6. Bc2 d5 7. d4 exd4 8. cxd4
Bb6 9. O-O Nf6 10. e5 Ne4 11. Nc3 Bf5 12. Bb3 Ne7 13. Ne1 O-O 14. f3 Nxc3 15.
bxc3 c5 16. Kh1 c4 17. Bc2 Bxc2 18. Nxc2 Ng6 19. Ba3 Re8 20. f4 f6 21. f5 Nf8
22. e6 Qc7 23. Ne3 Qb7 24. Qf3 a5 25. Qxd5 Qxd5 26. Nxd5 Ra6 27. Ne7+ Kh8 28.
d5 b4 29. cxb4 axb4 30. Bxb4 Ra4 31. Nc6 g6 32. Bxf8 1-0

[Event "EUYCC 2022 - U14"]
[Site "?"]
[Date "2022.08.22"]
[Round "1.9"]
[White "Grunert, Heinrich"]
[Black "Novomeska, Karin"]
[Result "0-1"]
[WhiteElo "1342"]
[BlackElo "1765"]
[PlyCount "106"]
[EventDate "2022.??.??"]

1. e4 c6 2. d4 d5 3. exd5 cxd5 4. c4 Nf6 5. Nc3 e6 6. Nf3 Be7 7. Bd3 O-O 8. O-O
dxc4 9. Bxc4 Nc6 10. Bf4 Nb4 11. Qb3 b6 12. a3 Nc6 13. Qd1 Bb7 14. b4 Rc8 15.
Qd3 Bd6 16. Bxd6 Qxd6 17. Nb5 Qd7 18. Rfd1 Ba6 19. Rac1 Rfd8 20. Rc3 Nd5 21.
Rb3 h6 22. Ne5 Nxe5 23. dxe5 Rxc4 24. Qxc4 Bxb5 25. Qc1 Ba4 26. Rb2 Bxd1 27.
Qxd1 Qc7 28. Qe1 Nf4 29. Rb1 Nd3 30. Qe2 Qxe5 31. Qd2 Qd5 32. h3 Ne5 33. Qc1
Nc4 34. Qf4 e5 35. Qg3 Qd3 36. Qxd3 Rxd3 37. a4 f6 38. Rc1 Rd4 39. Kf1 Kf7 40.
Ke2 Ke6 41. g4 g5 42. Kf3 Kd7 43. Kg3 Nd6 44. Rb1 Rd3+ 45. f3 e4 46. Rf1 Rxf3+
47. Rxf3 exf3 48. Kxf3 Ke6 49. Ke3 Kd5 50. Kd3 a5 51. b5 Ne4 52. Ke3 Nc5 53.
Kf3 Nxa4 0-1

[Event "EUYCC 2022 - U14"]
[Site "?"]
[Date "2022.08.22"]
[Round "1.10"]
[White "Orfila, Kristofer"]
[Black "Haapsal, Maria Ioanna"]
[Result "1-0"]
[WhiteElo "1723"]
[BlackElo "1334"]
[PlyCount "101"]
[EventDate "2022.??.??"]

1. d4 d5 2. c4 e6 3. Nc3 Nf6 4. cxd5 exd5 5. Bg5 Nbd7 6. e3 Be7 7. Bd3 O-O 8.
Nge2 b6 9. O-O Bb7 10. Qc2 c5 11. dxc5 bxc5 12. Rfd1 h6 13. Bf4 Rc8 14. Rac1
Nb6 15. a4 a5 16. Bf5 Ra8 17. Nb5 Nc8 18. Bc7 Qe8 19. Bxc8 Qxc8 20. Bd6 Qd7 21.
Bxe7 Qxe7 22. Qxc5 Qe5 23. Qc7 Qxb2 24. Rc2 Qb3 25. Ned4 Qxa4 26. Qxb7 Rfb8 27.
Qc6 Rc8 28. Qxc8+ Rxc8 29. Rxc8+ Kh7 30. Rdc1 Qa2 31. R8c2 Qa4 32. Nc3 Qb4 33.
Ra2 Qb6 34. Rca1 Qb4 35. Nce2 Ng4 36. h3 Nf6 37. Rxa5 Qb2 38. Nf4 Ne4 39. Nd3
Qd2 40. R5a3 Kg8 41. R1a2 Qd1+ 42. Kh2 Qb1 43. Ra8+ Kh7 44. Ne5 Nd6 45. R2a6
Qe4 46. Ndf3 f6 47. Rxd6 fxe5 48. Ra7 Qc2 49. Rdd7 Qxf2 50. Rxg7+ Kh8 51. Rgb7
1-0

[Event "EUYCC 2022 - U14"]
[Site "?"]
[Date "2022.08.22"]
[Round "1.11"]
[White "Stary, Simon"]
[Black "Sabarez, Iulian"]
[Result "0-1"]
[WhiteElo "1309"]
[BlackElo "1702"]
[PlyCount "68"]
[EventDate "2022.??.??"]

1. e4 c5 2. Nf3 d6 3. d4 cxd4 4. Nxd4 Nf6 5. Nc3 a6 6. Be3 e5 7. Nb3 Be6 8. f3
h5 9. Qd2 Nbd7 10. O-O-O Be7 11. Kb1 b5 12. a3 O-O 13. h3 Nb6 14. Qf2 Nc4 15.
Bxc4 Bxc4 16. Bb6 Qc8 17. g4 Rb8 18. Ba5 Qe6 19. Nd2 Bd8 20. Nxc4 bxc4 21. Bb4
Bb6 22. Qh4 Rfd8 23. g5 Ne8 24. Nd5 Rd7 25. Qxh5 Nc7 26. Nxb6 Rxb6 27. Qg4 Qe8
28. Ba5 Rc6 29. Bxc7 Rdxc7 30. h4 Rb6 31. h5 Qb5 32. Kc1 Qxb2+ 33. Kd2 Rb3 34.
Rb1 Rd3+ 0-1

[Event "EUYCC 2022 - U14"]
[Site "?"]
[Date "2022.08.22"]
[Round "1.12"]
[White "Buchta, Bartolomej"]
[Black "Krasilnikova, Marija"]
[Result "1-0"]
[WhiteElo "1701"]
[BlackElo "1271"]
[PlyCount "83"]
[EventDate "2022.??.??"]

1. e4 c6 2. d4 d5 3. Nc3 dxe4 4. Nxe4 Nf6 5. Nxf6+ exf6 6. c3 Bd6 7. Bd3 O-O 8.
Qc2 h6 9. Ne2 Re8 10. Be3 Bg4 11. O-O-O Qc7 12. Rde1 Nd7 13. Ng3 b5 14. Kb1 a5
15. Bf5 Bxf5 16. Nxf5 Bf8 17. g4 b4 18. c4 a4 19. Qc1 c5 20. d5 Ne5 21. Bf4 Qd7
22. Bxe5 fxe5 23. f3 Ra6 24. Re4 Be7 25. Rxe5 Bg5 26. Qe1 Raa8 27. h4 Bf6 28.
Re4 Rxe4 29. fxe4 Re8 30. Qe3 Be5 31. Qxc5 Rb8 32. g5 h5 33. d6 Bf4 34. Qd4 f6
35. gxf6 g6 36. Ne7+ Kf7 37. e5 Bh6 38. Re1 Kf8 39. e6 Qb7 40. Nxg6+ Ke8 41.
f7+ Kd8 42. Qh8+ 1-0

[Event "EUYCC 2022 - U14"]
[Site "?"]
[Date "2022.08.22"]
[Round "1.13"]
[White "Sizov, Lev"]
[Black "Balazs, Sztella Anna"]
[Result "0-1"]
[WhiteElo "1212"]
[BlackElo "1663"]
[PlyCount "48"]
[EventDate "2022.??.??"]

1. d4 e6 2. c4 Nf6 3. Nc3 Bb4 4. a3 Bxc3+ 5. bxc3 O-O 6. Qc2 b6 7. e4 d6 8. Bd3
h6 9. f3 c5 10. Ne2 Nc6 11. O-O Ba6 12. Be3 Na5 13. Rad1 Bxc4 14. dxc5 Bb3 15.
Qb2 Bxd1 16. Rxd1 bxc5 17. e5 Nd5 18. Bxc5 dxc5 19. c4 Qb6 20. Qd2 Ne7 21. Rb1
Qc7 22. Rb5 Nb7 23. Be4 Rab8 24. Qe3 Nc6 0-1

[Event "EUYCC 2022 - U14"]
[Site "?"]
[Date "2022.08.22"]
[Round "1.14"]
[White "Paralieu, Emma"]
[Black "Kuzmina, Oleksandra"]
[Result "1-0"]
[WhiteElo "1596"]
[BlackElo "1144"]
[PlyCount "105"]
[EventDate "2022.??.??"]

1. e4 d5 2. exd5 Qxd5 3. Nc3 Qd8 4. g3 Nf6 5. Bg2 c6 6. Nge2 Bg4 7. h3 Bh5 8.
g4 Bg6 9. Nf4 e6 10. d4 Bb4 11. Nxg6 hxg6 12. a3 Ba5 13. Bg5 Nbd7 14. b4 Bb6
15. a4 O-O 16. a5 Bc7 17. O-O Qb8 18. a6 Nd5 19. Nxd5 cxd5 20. c4 Nb6 21. cxd5
Nxd5 22. Qb3 bxa6 23. Bxd5 exd5 24. Qxd5 Qxb4 25. Rfb1 Qd6 26. Qxd6 Bxd6 27.
Rxa6 Bc7 28. Be7 Rfb8 29. Rxb8+ Rxb8 30. Rxa7 Bb6 31. Rd7 Re8 32. d5 f6 33. Bd6
Rd8 34. Rxd8+ Bxd8 35. Kg2 Kh7 36. Kf3 Kh6 37. Kf4 g5+ 38. Kf5 Bb6 39. Bg3 Bd8
40. Ke6 g6 41. Kd7 Ba5 42. d6 f5 43. f3 Kg7 44. Ke6 Kf8 45. Kf6 f4 46. Bf2 Bb4
47. Kxg6 Bxd6 48. Kxg5 Kg7 49. Bd4+ Kf7 50. Kf5 Kg8 51. Be5 Be7 52. Bxf4 Kg7
53. g5 1-0

[Event "EUYCC 2022 - U14"]
[Site "?"]
[Date "2022.08.22"]
[Round "1.15"]
[White "Mikulinaite, Meta"]
[Black "Janouskova, Adela"]
[Result "1-0"]
[WhiteElo "1138"]
[BlackElo "1561"]
[PlyCount "85"]
[EventDate "2022.??.??"]

1. e4 c5 2. c3 d5 3. exd5 Qxd5 4. Nf3 Nc6 5. h3 e6 6. Be2 Nf6 7. Na3 Be7 8. Nc2
O-O 9. Ne3 Qd8 10. O-O Qc7 11. b3 b6 12. Bb2 Rd8 13. Rc1 Bb7 14. d4 Nd5 15.
Nxd5 exd5 16. Bd3 Bf6 17. Qc2 g6 18. Rfd1 Qf4 19. Qe2 Bg7 20. a3 Re8 21. Qf1
Rad8 22. Rc2 Bc8 23. Be2 Bf5 24. Rcd2 Qd6 25. Bb5 Bh6 26. dxc5 Qxc5 27. b4 Qd6
28. Rxd5 Qf6 29. Bxc6 Rxd5 30. Bxe8 Qd8 31. Rxd5 Qxd5 32. Bb5 Qb3 33. Qe2 Be6
34. Nd4 Qa2 35. Nxe6 fxe6 36. Bc4 Qb1+ 37. Kh2 Bf4+ 38. g3 Bb8 39. Qxe6+ Kg7
40. Qe2 a5 41. Bd3 Qa2 42. c4+ Kf7 43. Qf3+ 1-0

[Event "EUYCC 2022 - U14"]
[Site "?"]
[Date "2022.08.22"]
[Round "1.16"]
[White "Lazniewska, Zofia"]
[Black "Prokhorova, Arina"]
[Result "1-0"]
[WhiteElo "1545"]
[BlackElo "1086"]
[PlyCount "55"]
[EventDate "2022.??.??"]

1. e4 c5 2. c3 d5 3. exd5 Qxd5 4. d4 Nc6 5. Nf3 e6 6. Be3 cxd4 7. cxd4 Nf6 8.
Nc3 Qd8 9. Bd3 Nb4 10. Bb1 Nbd5 11. Bd2 Be7 12. O-O O-O 13. Qe2 b6 14. Nxd5
Qxd5 15. Bg5 Bb7 16. Qd3 g6 17. Re1 Rfe8 18. Bc2 Rac8 19. Bb3 Qf5 20. Qxf5 gxf5
21. Ne5 Nd5 22. Bh6 Nb4 23. Re3 f4 24. Bxf4 h5 25. Rg3+ Kh7 26. Nxf7 Rg8 27.
Bxe6 h4 28. Bf5+ 1-0

[Event "EUYCC 2022 - U8"]
[Site "?"]
[Date "2022.08.23"]
[Round "2.1"]
[White "Kovacs, Balazs"]
[Black "Malchev, Nikola"]
[Result "1-0"]
[WhiteElo "1463"]
[BlackElo "1117"]
[PlyCount "91"]
[EventDate "2022.??.??"]

1. e4 c6 2. d4 d5 3. Nc3 dxe4 4. Nxe4 Bf5 5. Ng3 Bg6 6. h4 h6 7. h5 Bh7 8. Nf3
Nf6 9. Ne5 e6 10. Bf4 Nbd7 11. Bd3 Bxd3 12. Qxd3 Nd5 13. Qf3 Nxf4 14. Qxf4 Nxe5
15. Qxe5 Qd6 16. O-O-O O-O-O 17. Ne4 Qxe5 18. dxe5 Be7 19. Nd6+ Bxd6 20. Rxd6
Rxd6 21. exd6 Rd8 22. Rd1 c5 23. Rd3 Kd7 24. Rg3 Rg8 25. Rf3 f5 26. Rd3 g6 27.
Rg3 g5 28. Ra3 a6 29. Rb3 b5 30. a4 Rb8 31. c4 b4 32. a5 Rc8 33. Re3 Kxd6 34.
Kd2 Rd8 35. Ke2 e5 36. f3 Ke6 37. Rd3 Rxd3 38. Kxd3 g4 39. fxg4 b3 40. gxf5+
Kxf5 41. Ke3 Kg5 42. Ke4 Kxh5 43. Kxe5 Kg4 44. Kd5 Kg3 45. Kxc5 Kxg2 46. Kd4
1-0

[Event "EUYCC 2022 - U8"]
[Site "?"]
[Date "2022.08.23"]
[Round "2.2"]
[White "Koev, Georgi"]
[Black "Cazacu, Iustin-Nicolas"]
[Result "1/2-1/2"]
[WhiteElo "1119"]
[BlackElo "1456"]
[PlyCount "39"]
[EventDate "2022.??.??"]

1. e4 c5 2. c3 d5 3. exd5 Qxd5 4. d4 cxd4 5. cxd4 Nc6 6. Nf3 Bg4 7. Nc3 Bxf3 8.
gxf3 Qxd4 9. Qb3 O-O-O 10. Be3 Qe5 11. Qxf7 Nh6 12. Bh3+ Kb8 13. Qe6 Qxe6 14.
Bxe6 g6 15. Bf4+ Ka8 16. Nd5 Bg7 17. Nc7+ Kb8 18. Na6+ Ka8 19. Nc7+ Kb8 20.
Na6+ 1/2-1/2

[Event "EUYCC 2022 - U8"]
[Site "?"]
[Date "2022.08.23"]
[Round "2.3"]
[White "Marton-John, Almos Kiran"]
[Black "Doan, Hoang Minh"]
[Result "0-1"]
[WhiteElo "1302"]
[BlackElo "1115"]
[PlyCount "66"]
[EventDate "2022.??.??"]

1. e4 c5 2. Nf3 d6 3. d4 cxd4 4. Nxd4 Nf6 5. Nc3 a6 6. h3 e6 7. g4 h6 8. Be3
Be7 9. Be2 b5 10. Qd2 Bb7 11. f3 O-O 12. Bd3 Re8 13. O-O-O Nc6 14. Nxc6 Bxc6
15. g5 hxg5 16. Bxg5 Rc8 17. Rdg1 Qb6 18. Rh2 Qxg1+ 19. Nd1 Nxe4 20. Be3 Nxd2
21. Bxg1 Nxf3 22. Rg2 Ne1 23. Rg3 Nxd3+ 24. Rxd3 Be4 25. Rd2 Bg5 26. Be3 Bxe3
27. Nxe3 d5 28. a3 Red8 29. Ng4 d4 30. Ne5 f6 31. Ng4 Rd7 32. Nf2 Bf5 33. h4
Rdc7 0-1

[Event "EUYCC 2022 - U8"]
[Site "?"]
[Date "2022.08.23"]
[Round "2.4"]
[White "Srnak, Martin"]
[Black "Prokhorov, Makar"]
[Result "0-1"]
[WhiteElo "1088"]
[BlackElo "1289"]
[PlyCount "92"]
[EventDate "2022.??.??"]

1. d4 d5 2. Bf4 Bf5 3. e3 Nf6 4. Nc3 c6 5. Bd3 Bxd3 6. Qxd3 e6 7. a3 Bd6 8. Bg3
Bxg3 9. hxg3 Nbd7 10. O-O-O Qc7 11. Nf3 O-O-O 12. Ng5 Nf8 13. e4 dxe4 14. Ncxe4
Nxe4 15. Qxe4 h6 16. Nf3 Ng6 17. Nh4 Ne7 18. Nf3 Nd5 19. Qe5 Qxe5 20. Nxe5 Rhf8
21. Rd3 Nf6 22. Re1 Nd7 23. Nc4 Kc7 24. Re4 c5 25. Rd1 Nf6 26. Rh4 cxd4 27.
Rhxd4 Rxd4 28. Rxd4 Nd5 29. Ne5 f6 30. Ng6 Re8 31. Re4 Kd6 32. Rd4 e5 33. Rd1
Ke6 34. Nh4 e4 35. Re1 f5 36. Nf3 Kf6 37. Nd4 e3 38. fxe3 Rxe3 39. Rf1 g6 40.
g4 f4 41. Rf3 Kg5 42. Nb5 Kxg4 43. Nxa7 Rxf3 44. gxf3+ Kxf3 45. Kd2 Kg2 46. Nb5
f3 0-1